00579nam a2200193Ia 4500008004100000020001800041050001400059100002500073245005600098245004900154245006000203260003200263260001800295260000900313300001400322300002200336300001000358440001700368180207s9999 xx 000 0 und d a9789715080197 bA638 2003 aAñonuevo, Victoria aSi Pilandok at ang manok na nangingitlog ng ginto = bPilandok and the Hen that laid golden eggs / cby Victoria Añonuevo ; illustrated by Kora D. Albano. aMetro Manila, Philippines : bAdarna House, c2003 aunpaged : bchiefly colored ; c23cm. aAdarna lahi.